MARC details
| 000 -CABECERA |
| campo de control de longitud fija |
01940nam a2200325 a 4500 |
| 001 - NÚMERO DE CONTROL |
| campo de control |
BRCA_2471 |
| 005 - FECHA Y HORA DE LA ÚLTIMA TRANSACCIÓN |
| campo de control |
20190320203826.0 |
| 008 - DATOS DE LONGITUD FIJA--INFORMACIÓN GENERAL |
| campo de control de longitud fija |
201108s1833----mx-a---###---#000-0#spa-u |
| 041 ## - CÓDIGO DE LENGUA |
| Código de lengua del texto/banda sonora o título independiente |
spa |
| 044 ## - CÓDIGO DEL PAÍS DE LA ENTIDAD EDITORA/PRODUCTORA |
| Código MARC del país |
mx |
| 084 ## - OTRO NÚMERO DE CLASIFICACIÓN |
| Número de clasificación |
110 |
| Número de documento/Ítem |
.A74 1833 |
| 100 1# - ENTRADA PRINCIPAL--NOMBRE DE PERSONA |
| Nombre de persona |
Cervantes Saavedra, Miguel de |
| Fechas asociadas al nombre |
1547-1616 |
| 9 (RLIN) |
213 |
| 245 10 - MENCIÓN DE TÍTULO |
| Título |
El Ingenioso Hidalgo Don Quijote de la Mancha |
| Mención de responsabilidad, etc. |
compuesto por Miguel de Cervantes Saavedra. |
| 260 ## - PUBLICACIÓN, DISTRIBUCIÓN, ETC. |
| Lugar de publicación, distribución, etc. |
Mexico |
| Nombre del editor, distribuidor, etc. |
Mariano Arévalo |
| Fecha de publicación, distribución, etc. |
1833 |
| 300 ## - DESCRIPCIÓN FÍSICA |
| Extensión |
5 v. |
| Otras características físicas |
il. |
| Dimensiones |
16 cm. |
| 500 ## - NOTA GENERAL |
| Nota general |
Contenido : v 1. Primera parte. Retrato de Cervantes. Análisis del Quijote por V. de los Ríos. Dedicatoria del autor. Prólogo del autor. Versos preliminares. Texto. -- v 2. Texto. -- v 3. Texto. Segunda parte. Dedicatoria del autor. Prólogo del autor. Texto. -- v 4. Texto. -- v 5. Texto |
| 500 ## - NOTA GENERAL |
| Nota general |
Edición : Primera edición mejicana conforme a la Real Academia, hecha en Madrid en 1782. Además del análisis de dicha Academia, se han añadido las notas críticas y curiosas del señor Pellicer y con hermosas láminas |
| 500 ## - NOTA GENERAL |
| Nota general |
Como lo índica el título se trata de la primera edición mejicana, copia de la Academia Española de 1782. Contiene, además, el Análisis de V. de los Ríos, las Notas de Pellicer, e ilustraciones de la mencionada edición académica. Edición impresa en buen papel y tipo de letra. Lomos y tapas con adornos dorados Lúdovik Osterc |
| 500 ## - NOTA GENERAL |
| Nota general |
Con ex-libris de : Jesús Río |
| 500 ## - NOTA GENERAL |
| Nota general |
QM92 |
| 650 14 - PUNTO DE ACCESO ADICIONAL DE MATERIA--TÉRMINO DE MATERIA |
| Término de materia o nombre geográfico como elemento de entrada |
Novela española |
| Subdivisión cronológica |
Época clásica, 1500-1700 |
| 9 (RLIN) |
215 |
| 650 14 - PUNTO DE ACCESO ADICIONAL DE MATERIA--TÉRMINO DE MATERIA |
| Término de materia o nombre geográfico como elemento de entrada |
Literatura española |
| Subdivisión cronológica |
Época clásica, 1500-1700 |
| 9 (RLIN) |
216 |
| 650 14 - PUNTO DE ACCESO ADICIONAL DE MATERIA--TÉRMINO DE MATERIA |
| Término de materia o nombre geográfico como elemento de entrada |
Novela española |
| Subdivisión cronológica |
Siglo XVII |
| 9 (RLIN) |
217 |
| 650 14 - PUNTO DE ACCESO ADICIONAL DE MATERIA--TÉRMINO DE MATERIA |
| Término de materia o nombre geográfico como elemento de entrada |
Don Quijote (Personaje ficticio) |
| Término indicativo de función/relación |
Novela |
| 9 (RLIN) |
218 |
| 700 1# - PUNTO DE ACCESO ADICIONAL--NOMBRE DE PERSONA |
| Nombre de persona |
Ríos, Vicente de los |
| Fechas asociadas al nombre |
1732-1779 |
| Término indicativo de función/relación |
Biógrafo |
| 9 (RLIN) |
7166 |
| 700 1# - PUNTO DE ACCESO ADICIONAL--NOMBRE DE PERSONA |
| Nombre de persona |
Pellicer y Pilares, Juan Antonio |
| Fechas asociadas al nombre |
1738-1806 |
| Término indicativo de función/relación |
Biógrafo |
| 9 (RLIN) |
7167 |
| 740 0# - PUNTO DE ACCESO ADICIONAL--TÍTULO RELACIONADO O ANALÍTICO NO CONTROLADO |
| Título relacionado o analítico no controlado |
El Ingenioso Hidalgo Don Quijote de la Mancha |
| 902 ## - CATALOGADOR |
| Iniciales |
QFM |
| 942 ## - ELEMENTOS DE PUNTO DE ACCESO ADICIONAL (KOHA) |
| Fuente del sistema de clasificación o colocación |
Library of Congress Classification |
| Tipo de ítem Koha |
Libros |